000 00740nam a2200277 a 4500
001 23450
003 CO-ViMGA
008 141112s2004 ck r 000 u spa d
020 _a9789701068885
040 _aCO-ViMGA
_bspa
_cCO-ViMGA
082 0 4 _a540 R673
100 1 _aRosenberg, Jerome L; Epstein, Lawrence M.; Krieger, Peter J.
_933807
245 1 0 _aQuímica
250 _a9
260 _aMéxico :
_bMc Graw Hill \
300 _a387 p.
490 _aSchaum
650 1 4 _aBioquimica
650 1 4 _aElectroquimica
_933808
650 1 4 _aPrecipitación
_933809
650 1 4 _aQuimica general
_98695
650 1 4 _aQuímica orgánica
_916925
650 1 4 _aRadioquímica
_933810
650 1 4 _aTermodinámica
_9497
942 _2ddc
_cBK
999 _c31602
_d31602